000 01026cam a2200277 4500
002 ##1095
008 090401t1995 xxu||||| |||| 00| 0 eng d
020 _a0854066853
035 _a(Sirsi) u61748
041 0 _aeng
050 0 4 _a368.1 $2 18
090 _aRICS 1995/36ABCD
110 2 _aRoyal Institution of Chartered Surveyors
_94900
245 0 0 _aReinstatement cost assessment and insurance claims
250 _a2nd ed.
260 _aLondon
_bRICS
_c1995
300 _a16p.
_c30cm.
350 _a8.95
490 0 _aRICS Guidance Note
520 _aEnables surveyors to offer advice to the clients on the appropriate level of insurance required and on the procedures for making a claim. Considers the varying, specific information which needs to be recorded in each case to allow an adequate reinstatement cost to be added.
520 _aWithdrawn 1 August 2006.
651 4 _aEngland and Wales
_y1543-
690 _aBUILT ENVIRONMENT-BUILDING COSTS-REINSTATEMENT COSTS
942 _n0
948 _c04/03/1997
999 _c94346
_d94346